| 000 | 00670nam a22002057a 4500 | ||
|---|---|---|---|
| 999 |
_c22647 _d22647 |
||
| 003 | AR-CdUCM | ||
| 008 | 190427b ||||| |||| 00| 0 spa d | ||
| 020 | _a9786124294273 | ||
| 040 |
_aMUNICIPALIDAD PROVINCIAL DEL CUSCO _cBIBLIOTECA MUNICIPAL DEL CUSCO |
||
| 082 |
_a869.57/A79R _bA79R |
||
| 100 |
_aAscárate Coronel, Luz _948747 |
||
| 245 |
_aLa redención del Pishtaco o la máquina del movimiento perpetuo / _cLuz Ascárate |
||
| 260 |
_aLima : _bAlastor Editores, _c2021. |
||
| 300 |
_a76 páginas: _c19 cm. |
||
| 440 |
_aMúsica Ficta ; _n3 _948748 |
||
| 650 |
_aPoesías peruanas _948735 |
||
| 650 |
_aSiglo XXI _948732 |
||
| 942 |
_2ddc _cLIBROS |
||
| 945 | _arac | ||